000 00835nmm a2200265 a 4500
001 ocm000651543
003 TR-IsHL
005 20201028142451.0
008 140104s2005 tu tur
007 cr cn
020 _a9789756127117
035 _a651543
_b(N$T)
050 0 4 _aBF1098
_b.B65 2005
090 0 4 _aBF1098
_b.B65 2005
100 1 _aBolayır, Enver
245 1 0 _aModern rüya tabirleri
_h[electronic resource] /
_cEnver Bolayır
260 _aİstanbul :
_bGeçit Kitabevi,
_c2005
300 _a480 p.
650 4 _aFelsefe, Psikoloji ve Din
650 4 _aPhilosophy, Psychology and Religion
650 0 _aRüya yorumları
650 0 _aDream reviews
650 7 _aBODY, MIND & SPIRIT / Dreams
_2bisacsh
856 4 0 _uhttp://search.ebscohost.com/login.aspx?direct=true&scope=site&db=e011xww&AN=651543
999 _c8368
_d8368